000 00582nam a22001817a 4500
999 _c18119
_d18119
008 191205b xxu||||| |||| 00| 0 eng d
020 _a1854180150
040 _aKABU
_cKABU
050 _aML650
_b.T46 2002 c. 1
100 _aThomas, Neil
245 _aPlaying popular piano and keyboards
_ba quick and effective method of learning to play the piano and electronic keyboards...now
260 _aLondon
_bHawksmere Ltd
_c1989
300 _a109 p.
650 _aPiano
650 _aPiano
_vInstruction and study
650 _aKeyboard instruments
942 _2lcc
_cBK
_hML650